000 00636nam a2200253Ia 4500
003 OSt
005 20220918194503.0
006 a|||||r|||| 00| 0
007 ta
008 220917b |||||||| |||| 00| 0 eng d
024 _a79,716
037 _cTextual
040 _aARTS
_cARTS
_beng
041 _2eng
_aeng
082 _aS:4, M9
100 _aCoulter Jeff
_985198
245 0 _aMind in action
260 _aOxford
_bPolity Press
_c1989
300 _avii,158p.
_ccm.
500 _aIncludes index
650 _aCOGNITIVE STYLES
_915127
942 _hS:4, M9
_cTEXL
_2CC
999 _c203442
_d203442